| 000 | 00737nam a2200241 i 4500 | ||
|---|---|---|---|
| 001 | 108825 | ||
| 003 | ES-MaACL | ||
| 005 | 20250828023341.0 | ||
| 007 | t| | ||
| 008 | 061121s1971 sp r ||||1| spa d | ||
| 080 | _a37.04-053.2 | ||
| 080 | _a173.5 | ||
| 100 | 1 |
_aMourvillier, Francois. _983914 |
|
| 245 | 1 | 0 |
_aQué deben saber los padres / _cFrançois Mourvillier, Anne-Marie Bardot ; [versión de Enrique Molina]. |
| 260 |
_aBarcelona : _bHerder, _c1971. |
||
| 300 |
_a172 p. ; _c18 cm. |
||
| 650 | 0 | 7 |
_aEducación de niños _2embne _912099 |
| 650 | 0 | 4 |
_aPadres e hijos. _915785 |
| 700 | 1 |
_aBardet, Anne-Marie. _9156715 |
|
| 700 | 1 |
_aMolina Campos, Enrique. _981917 |
|
| 852 |
_aES-MaACL _jC-46035 |
||
| 999 |
_c108825 _d108825 |
||